000 00473nam a2200205Ia 4500
008 210210b1949 xxu||||| |||| 00| 0 eng d
041 _aeng
082 _a330/476
100 _aWICKSELL (K)
245 _aLectures on political economy Vol I
260 _aLondon
_bRoutledge & Kegan Paul Ltd.
_c1949
650 _aVol
650 _apolitical
650 _aon
650 _aLectures
650 _aI
650 _aeconomy
690 _aEconomics
906 _a003879
999 _c121470
_d121470